Catálogo
 En Linea

Agricultura de patio. (Registro nro. 20214)

Detalles MARC
000 -CABECERA
campo de control de longitud fija 00570nam a2200181 u 4500
001 - NÚMERO DE CONTROL
campo de control 000020710
005 - FECHA Y HORA DE LA ÚLTIMA TRANSACCIÓN
campo de control 20200930011141.0
008 - DATOS DE LONGITUD FIJA--INFORMACIÓN GENERAL
campo de control de longitud fija 100813s1996 dr a r 001 0 spa d
040 ## - FUENTE DE LA CATALOGACIÓN
Centro catalogador/agencia de origen DO-SdBNP
Lengua de catalogación spa
Centro/agencia transcriptor BPJMD
082 ## - NÚMERO DE LA CLASIFICACIÓN DECIMAL DEWEY
Número de clasificación xxxxx
Número de documento/Ítem O 495
100 1# - ENTRADA PRINCIPAL--NOMBRE DE PERSONA
Nombre de persona Olivo, Emilio
9 (RLIN) 43454
245 00 - MENCIÓN DE TÍTULO
Título Agricultura de patio.
260 ## - PUBLICACIÓN, DISTRIBUCIÓN, ETC.
Lugar de publicación, distribución, etc. Santo Domingo :
Nombre del editor, distribuidor, etc. Fundación de Desarrollo agropecuario,
Fecha de publicación, distribución, etc. 1996.
300 ## - DESCRIPCIÓN FÍSICA
Extensión 28 p. :
Otras características físicas il. ;
Dimensiones 28 cm.
490 1# - MENCIÓN DE SERIE
Mención de serie Guía técnica
Designación de volumen o secuencia no. 29
Mención de serie cultivos
504 ## - NOTA DE BIBLIOGRAFÍA, ETC.
Nota de bibliografía, etc. Incluye bibliografía (p. 28)
830 #0 - PUNTO DE ACCESO ADICIONAL DE SERIE-TÍTULO UNIFORME
Título uniforme Guía Técnicas
Designación de volumen o secuencia no. 29
Nombre de parte o sección de la obra cultivos
9 (RLIN) 43455

No hay ítems disponibles.

Con tecnología Koha